000 00344nam a2200133Ia 4500
008 240624s9999 xx 000 0 und d
041 _aeng
082 _a658.4013 McD
100 _aMCDAVID JAMES C
245 _aPROGRAM EVALUATION AND PERFORMANCE MEASU
260 _c2006
_aNew Delhi
_bSage
300 _axviii, 477 p.; 23 cm.
365 _c
_b32
999 _c29817
_d29817